000 00265nam a2200121Ia 4500
008 190216s9999||||xx |||||||||||||| ||und||
100 _aSuzee Vik
245 4 _aThe Sat For Dummies
260 _bPustakmahal
_c1994
300 _a332p
650 _aSat
942 _cREF
999 _c36448
_d36448